000 00571nam a2200217Ia 4500
008 101110s9999 xx 000 0 und d
041 _aMARATHI
082 _bSR32746
100 _aShinde Prakash, Pednekar Hemant M., Mahajan Yuvraj & etc.
245 _aParyavaran shikshan FYBCom
260 _c2009
_bSheth Prakashan, Mumbai
300 _a320
365 _b100
520 _aGeography
546 _aMARATHI
630 _aParyavaran shikshan FYBCom
650 _aGeography
655 _aGeography
730 _aParyavaran shikshan FYBCom
942 _cBOOK
999 _c825247
_d825244